LIBRARY & INFORMATION CENTRE, KCAET, TAVANUR

ONLINE PUBLIC ACCESS CATALOGUE (OPAC)

Alternating current Electrical engineering / (Record no. 8771)

MARC details
000 -LEADER
fixed length control field 00383cam a2200145ua 4500
003 - CONTROL NUMBER IDENTIFIER
control field OSt
008 - FIXED-LENGTH DATA ELEMENTS--GENERAL INFORMATION
fixed length control field 241223b |||||||| |||| 00| 0 eng d
041 ## - LANGUAGE CODE
Language code of text/sound track or separate title eng
082 ## - DEWEY DECIMAL CLASSIFICATION NUMBER
Classification number 621.3133
Item number KEM/AL
100 ## - MAIN ENTRY--AUTHOR NAME
Personal name Kemp, Philip.
245 ## - TITLE STATEMENT
Title Alternating current Electrical engineering /
260 ## - PUBLICATION, DISTRIBUTION, ETC. (IMPRINT)
Place of publication London :
Name of publisher MacMillan and Company Limited ,
Year of publication 1958.
300 ## - PHYSICAL DESCRIPTION
Number of Pages 732 ; .
942 ## - ADDED ENTRY ELEMENTS (KOHA)
Koha item type Books
Holdings
Withdrawn status Lost status Damaged status Home library Current library Date acquired Full call number Accession Number Koha item type
      KAUAET KAUAET 07/04/2012 621.3133 KEM/AL 3185 Books
      KAUAET KAUAET 07/04/2012 621.3133 KEM/AL 3809 Books
      KAUAET KAUAET 07/04/2012 621.3133 KEM/AL 4202 Books
free website counter